Normal view
MARC view
- Gancher, David
Entry Nombre Personal
001 - NUMERO DE CONTROL
- campo de control: 43990
003 - IDENTIFICADOR DE NUMERO DE CONTROL
- campo de control: UPN
005 - FECHA Y HORA DE LA ÜLTIMA TRANSACCIÓN
- campo de control: 20220314104114.0
008 - DATOS DE LONGITUD FIJA
- campo de control de longitud fija: 220314|| acn||aabn | a|a d
040 ## - FUENTE DE CATALOGACIÓN
- Agencia original de catalogación: MX-MxUPN
100 1# - ENCABEZAMIENTO - NOMBRE PERSONAL
- Nombre personal: Gancher, David
670 ## - FUENTE EN LA QUE SE LOCALIZARON DATOS
- Cita de la fuente: LC Authorities, 2022
- Información localizada: (Encabezamiento: Gancher, David)
